|
|
|
|
| LEADER |
00609nam a22001691a 4500 |
| 082 |
|
|
|a 630
|b SOM/P
|
| 100 |
|
|
|a Somani L L
|9 156810
|
| 245 |
|
|
|a Proceedings of the national seminar on natural farming/
|c by Somani L L
|
| 260 |
|
|
|a Udaipur:
|b Secretary National Seminar on Natural Farming,
|c 1992.
|
| 300 |
|
|
|a 677p.
|
| 650 |
|
|
|a Farming
|9 156811
|
| 650 |
|
|
|a Agriculture
|9 156812
|
| 700 |
|
|
|a Baser B L
|9 156813
|
| 700 |
|
|
|a Totawat K L
|9 156814
|
| 942 |
|
|
|c BK
|
| 999 |
|
|
|c 36182
|d 36182
|
| 952 |
|
|
|0 0
|1 0
|4 0
|6 630_000000000000000_SOM_P
|7 0
|9 52378
|a SSUS
|b SSUS
|d 2015-01-08
|g 200.00
|o 630 SOM/P
|p 024354
|r 2015-01-08
|v 0.00
|w 2015-01-08
|y BK
|